| 000 | 00792nam a22002417a 4500 | ||
|---|---|---|---|
| 003 | OSt | ||
| 005 | 20220107122831.0 | ||
| 008 | 170802b xxu||||| |||| 00| 0 eng d | ||
| 020 | _a9781783983261 | ||
| 040 | _cIIITMK | ||
| 082 | _a005.133P KUM/L | ||
| 100 |
_aAshish Kumar _912569 |
||
| 245 |
_aLearning predictive analytics with Python: _bGain practical insights into predictive modelling by implementing predictive analytics algorithms on public datasets with python |
||
| 260 |
_aBirmingham, _bPackt Publishing, _c2016. |
||
| 300 | _axiv,325p | ||
| 650 |
_aCOMPUTER SCIENCE _912570 |
||
| 650 |
_aDATA SCIENCE _912571 |
||
| 650 |
_aPYTHON _912572 |
||
| 650 |
_aPROGRAMMING LANGUAGE _912573 |
||
| 650 |
_aPREDICTIVE ANALYTICS _912574 |
||
| 650 |
_aALGORITHMS _913059 |
||
| 942 |
_2ddc _cBK |
||
| 999 |
_c5782 _d5782 |
||